Normal view
MARC view
Entry Personal Name
001 - CONTROL NUMBER
- control field: 10949
003 - CONTROL NUMBER IDENTIFIER
- control field: ARRUPE
005 - DATE AND TIME OF LATEST TRANSACTION
- control field: 20140612140305.0
008 - FIXED-LENGTH DATA ELEMENTS
- fixed length control field: 140612|| aca||aabn | a|a d
040 ## - CATALOGING SOURCE
- Original cataloging agency: ARRUPE
- Transcribing agency: ARRUPE
100 ## - HEADING--PERSONAL NAME
- Personal name: Goddard, John,
- Dates associated with a name: 1936-
670 ## - SOURCE DATA FOUND
- Source citation: Work cat.: (ARRUPE)0: Pickering, R. 10946, Ngorongoro's bird life;, 1966]